| 000 | 01112nam a2200325 i 4500 | ||
|---|---|---|---|
| 001 | 192946 | ||
| 003 | SpMaBN | ||
| 005 | 20240526062942.0 | ||
| 008 | 080227s2007 sp | |||| 000 spa | ||
| 017 |
_aM 22962-2007 _bOficina Depósito Legal Madrid |
||
| 020 | _a9788498421088 | ||
| 035 | _a(OCoLC)433443901 | ||
| 040 |
_bspa _cSpMaBN _erdc |
||
| 080 | _a615.851 | ||
| 100 | 1 |
_aMassó Cantarero, Francisco, _d1946- _0XX1647177 _9226310 |
|
| 245 | 1 | 0 |
_aAnálisis transaccional I : _bcómo nos hacemos persona / _cFrancisco Massó Cantarero |
| 260 |
_aMadrid: _bCCS, _c[2007] |
||
| 300 |
_a294 páginas : _bgráficos ; _c24 cm |
||
| 490 | 1 |
_aCampus ; _v49 |
|
| 500 | _aÍndice | ||
| 500 | _aGlosario | ||
| 504 | _aBibliografía: páginas 293-294 | ||
| 650 | 0 |
_aAnálisis transaccional _9233665 |
|
| 830 |
_aCampus ; _v49 _9184231 |
||
| 852 |
_aES-MaACL _bR. 153094 _cDEPOJ _hDonación: Francisco Massó Cantarero _jN-8491 _9200249 |
||
| 903 |
_9226310 _aMassó Cantarero, Francisco, _d1946- _ednr |
||
| 942 |
_cMONOGRAFIA _n0 |
||
| 999 |
_c192946 _d192946 |
||